| 000 | 01776nam a2200457Ii 4500 | ||
|---|---|---|---|
| 001 | DIGVERBUM0884 | ||
| 003 | NyNyDIG | ||
| 006 | m o d | ||
| 007 | cr ||||||||||| | ||
| 008 | 220212s2018 sp o 000 f spa d | ||
| 035 | _a(OCoLC)1328000411 | ||
| 040 |
_aDGITA _beng _erda _epn _cDGITA |
||
| 020 | _z9788490747711 | ||
| 041 | 1 |
_aspa _hita |
|
| 050 | 1 | 4 | _aPQ4841.A4 ebook |
| 100 | 0 |
_aSalgari, Emilio, _d1862-1911, _eauthor. |
|
| 245 | 1 | 4 |
_aLas hijas de los faraones ; _bEl sacerdote de Ptah / _cEmilio Salgari ; traducción, Camilo Durán. |
| 246 | 3 | 3 | _aSacerdote de Ptah |
| 264 | 1 |
_aMadrid : _bEditorial Verbum, _c[2018] |
|
| 300 | _a1 online resource. | ||
| 336 |
_atext _2rdacontent |
||
| 337 |
_acomputer _bc _2rdamedia |
||
| 338 |
_aonline resource _bcr _2rdacarrier |
||
| 347 |
_atext file _2rdaft |
||
| 347 | _bPDF | ||
| 490 | 1 | _aColección Infantil-juvenil | |
| 588 | 0 | _aOnline resource; title from PDF title page (Digitalia, viewed February 12, 2022) | |
| 655 | 7 |
_aFiction. _2lcgft |
|
| 655 | 0 | _aElectronic books. | |
| 700 | 1 |
_aDurán, Camilo, _d1952- _etranslator. |
|
| 700 | 1 | 2 |
_iContainer of (expression): _aSalgari, Emilio, _d1862-1911. _tFiglie dei faraoni. _lSpanish _s(Durán) |
| 700 | 1 | 2 |
_iContainer of (expression): _aSalgari, Emilio, _d1862-1911. _tSacerdote di Ptah. _lSpanish _s(Durán) |
| 740 | 0 | 2 | _aSacerdote de Ptah |
| 776 | 0 | 8 |
_iPrint version: _aSalgari, Emilio, 1862-1911. _tHijas de los faraones. _dMadrid : Editorial Verbum, [2018] _z9788490747711 |
| 791 | 2 |
_aDigitalia (Firm), _edistributor. |
|
| 793 | 0 |
_gDigitalia eBook Collection: _aVerbum |
|
| 830 | 0 | _aVerbum infantil-juvenil. | |
| 856 | 4 | 0 |
_3Digitalia Hispánica _uhttps://www.digitaliapublishing.com/a/63357/ |
| 910 | _aPremium Collection: 2022 | ||
| 942 | _cRAA | ||
| 999 |
_c259171 _d259171 |
||